| 000 | 00715cam a22002295a 4500 | ||
|---|---|---|---|
| 001 | 13293095 | ||
| 005 | 20201128024209.0 | ||
| 008 | 030728t2004 nyua 001 0 eng | ||
| 020 | _a1592331246 | ||
| 020 | _a9781592331246 | ||
| 040 |
_aDLC _cDLC _dDLC _dEG-ScBUE _beng |
||
| 082 | 0 | 4 |
_222 _a155.282 _bWES |
| 100 | 1 |
_aWest, Peter, _d1939- |
|
| 245 | 1 | 4 |
_aThe handwriting analyst's toolkit : _bcharacter and personality revealed through graphology / _cPeter West. |
| 260 |
_aGloucester ; _aHove : _bA Quarto Book, _cc.2004. |
||
| 300 |
_a128 p. : _bill. (some col.) ; _c25 cm. |
||
| 500 | _aIncludes index. | ||
| 650 | 7 |
_aGraphology. _2BUEsh _9915 |
|
| 651 | _2BUEsh | ||
| 653 |
_bCOMAME _cNovember2017 |
||
| 942 | _2ddc | ||
| 999 |
_c25693 _d25665 |
||